| 000 | 00726nam a2200241Ia 4500 | ||
|---|---|---|---|
| 003 | IN-BaIIA | ||
| 008 | 211028s9999 xx 000 0 eng d | ||
| 020 | _a0-13-046482-1 | ||
| 040 | _cIIA Library | ||
| 080 |
_a621.391 _bARR |
||
| 100 |
_aHaykin, S. _915573 |
||
| 245 | 0 |
_aArray signal processing _cS. Haykin…[et al.] |
|
| 260 |
_aNew Jersy _bPrentice-Hall _c1985 |
||
| 300 | _aix, 433p. | ||
| 490 | _aPrentice-Hall signal processing series | ||
| 650 | _aNASA thesaurus | ||
| 650 |
_aSignal processing _93537 |
||
| 700 |
_aJustice, J. H. _915574 |
||
| 700 |
_aKak, A. C. ed. _915575 |
||
| 700 |
_aOwsley, N. L. _915576 |
||
| 700 |
_aYen, J. L. _915577 |
||
| 942 | _cBK | ||
| 999 |
_c9263 _d9263 |
||